2nd Period Anatolian Beyliks Quiz - Statistics

General Stats
  • This quiz has been taken 10 times
  • The average score is 12 of 31
Answer Stats
Status Beylik % Correct
Anatolian Beylik Karamanoğulları
86%
Anatolian Beylik Dulkadiroğulları
71%
Anatolian Beylik Karesioğulları
71%
Anatolian Beylik Osmanoğulları
71%
Anatolian Beylik Tekeoğulları
71%
Anatolian Beylik Aydınoğulları
57%
Anatolian Beylik Candaroğulları
57%
Anatolian Beylik Germiyanoğulları
57%
Anatolian Beylik Menteşeoğulları
57%
Anatolian Beylik Alaiye
43%
Canik beylik Beylik of Bafra
43%
Canik beylik Kubadoğulları
43%
Anatolian Beylik Pervâneoğulları
43%
Anatolian Beylik Ramazanoğulları
43%
Anatolian Beylik Ahis Beylik
29%
Anatolian Beylik Beylik of Erzincan
29%
Anatolian Beylik Çobanoğulları
29%
Anatolian Beylik Eşrefoğulları
29%
Anatolian Beylik Hamitoğulları
29%
Anatolian Beylik Kadı Burhâneddin Ahmed State
29%
Canik beylik Kutluşahlar
29%
Anatolian Beylik Saruhanoğulları
29%
Anatolian Beylik Tâceddinoğulları
29%
Canik beylik Tâceddinoğulları
29%
Canik beylik Taşanoğulları
29%
Canik beylik Canik Beyliks
14%
Anatolian Beylik Eretna State
14%
Canik beylik Hacıemiroğulları
14%
Anatolian Beylik İnançoğulları
14%
Anatolian Beylik Özeroğulları
14%
Anatolian Beylik Sâhib Ataoğulları
0%
No matching quizzes found
Score Distribution
Percent of People with Each Score
Percentile by Number Answered
Your Score History
You have not taken this quiz